Loading...
| Fine Arts - Painting and Sculpture | 0 | 3 | 0 | 0 | 30 | 63 | 93.67 | 0 | 2 | 7.94 | 19.67 |
| Current Events | 0 | 3 | 0 | 1 | 30 | 32 | 78.33 | 0 | 1 | 36.89 | 52.22 |
| History - American | 0 | 2 | 0 | 0 | 20 | 74 | 77.50 | 0 | 0 | 7.77 | 8.00 |
| Social Science | 0 | 2 | 0 | 1 | 20 | 44 | 77.00 | 0 | 1 | 5.96 | 10.00 |
| Geography | 0 | 2 | 0 | 0 | 20 | 33 | 61.50 | 1 | 2 | 52.86 | 91.67 |
| Literature - European | 0 | 2 | 0 | 1 | 20 | 141 | 145.00 | 0 | 0 | 0.14 | 5.00 |
| Religion | 0 | 2 | 0 | 2 | 20 | 108 | 116.50 | 0 | 0 | 0.00 | 3.00 |
| History - European | 0 | 1 | 0 | 1 | 10 | 117 | 117.00 | 0 | 0 | 0.00 | 0.83 |
| Literature - World | 0 | 1 | 0 | 0 | 10 | 140 | 140.00 | 0 | 0 | 0.14 | 1.00 |
| Other Academic | 0 | 1 | 0 | 1 | 10 | 117 | 117.00 | 0 | 0 | 0.00 | 5.00 |
| Philosophy | 0 | 1 | 0 | 1 | 10 | 115 | 115.00 | 0 | 0 | 0.00 | 0.83 |
| History - World | 0 | 1 | 0 | 0 | 10 | 63 | 63.00 | 0 | 1 | 5.19 | 8.33 |
| Literature - American | 0 | 0 | 0 | 0 | 0 | 0.00 | 0 | 0 | 0.00 | 0.00 |